00738nam a2200217Ii 45000010005000000030009000050080041000140400033000550410008000880820013000961000024001092450060001332640035001933000012002283360026002403370028002663380027002949400050003219990017003719520132003884365CO-ViMGA241108s9999||||xx |||||||||||||| ||und|| aCO-ViMGAbspaerdacCO-ViMGA0 aspa04a570 L6331 aTheo Lobsack95234410aEl Aliento de la Tierra:bMaravillas y Enigmas del aire 1aMadrid, España : Labor, 1959 avolumen atextbtxt2rdacontent aunmediatedbn2rdamedia avolumebnc2rdacarrier aidficha_siabuc: 4267. -- ficha_no_siabuc:4365 c47128d47128 001040708001aMEVIGERRbMEVIGERRcGENd2006-11-27o570 L633pECA3230r2024-11-26 09:36:58tEj.1w2024-11-26yBKz4267 | 6265